Agrární program a současnost
Poľnohospodárska politika v Českej republike. Majetkové vzťahy, reštitúcie a privatizácia štátnych podnikov. Transformácia poľnohospodárskych družstiev. Štruktúra poľnohospodárskej výroby a trhové prostredie. Dotačná politika a fond trhovej regulácie.
Guardado en:
| Autor principal: | |
|---|---|
| Formato: | Capítulo de libro |
| Lenguaje: | checo |
| Materias: | |
| Etiquetas: |
Sin Etiquetas, Sea el primero en etiquetar este registro!
|
MARC
| LEADER | 00000naa a2200000 4500 | ||
|---|---|---|---|
| 001 | r011590 | ||
| 005 | 20220826094542.0 | ||
| 041 | 0 | |a cze | |
| 044 | |a [CS] | ||
| 245 | 1 | 0 | |a Agrární program a současnost |c J. Lux |
| 520 | |a Poľnohospodárska politika v Českej republike. Majetkové vzťahy, reštitúcie a privatizácia štátnych podnikov. Transformácia poľnohospodárskych družstiev. Štruktúra poľnohospodárskej výroby a trhové prostredie. Dotačná politika a fond trhovej regulácie. | ||
| 610 | 2 | 0 | |a politika poľnohospodárska |
| 610 | 2 | 0 | |a Čechy |
| 610 | 2 | 0 | |a privatizácia |
| 610 | 2 | 0 | |a družstvá poľnohospodárske |
| 610 | 2 | 0 | |a dotácie |
| 610 | 2 | 0 | |a trh |
| 100 | 1 | |a Lux, J. | |